[Event "ch-CZE Juniors"]
[Site "Decin CZE"]
[Date "2009.02.17"]
[Round "8"]
[White "Cuhra,M"]
[Black "Vlasak,Lu"]
[Result "1/2-1/2"]
[WhiteElo "2230"]
[BlackElo "2163"]

1.e4 c5 2.Nf3 d6 3.Bb5+ Nd7 4.O-O Nf6 5.Re1 a6 6.Bf1 b6 7.d4 cxd4 8.Nxd4 Bb7
9.f3 e6 10.c4 Be7 11.Nc3 O-O 12.b3 Rc8 13.Bb2 Qc7 14.Rc1 Qb8 15.Rc2 Bd8 16.Rd2 Bc7
17.g3 Rfd8 18.Bh3 Kh8 19.Nde2 Rg8 20.Bg2 Rcd8  1/2-1/2

[Event "73rd ch-BUL"]
[Site "Blagoevgrad BUL"]
[Date "2009.02.18"]
[Round "9"]
[White "Bojkov,D"]
[Black "Vutov,M"]
[Result "1-0"]
[WhiteElo "2477"]
[BlackElo "2262"]

1.e4 c5 2.Nf3 d6 3.Bb5+ Bd7 4.Bxd7+ Qxd7 5.c4 Nc6 6.d4 cxd4 7.Nxd4 g6 8.Nc3 Bg7
9.Nde2 Nf6 10.O-O O-O 11.f3 Rfc8 12.Be3 Qd8 13.Rc1 a6 14.a4 Qa5 15.Kh1 h5
16.b3 Kh7 17.h3 Qb4 18.Nd5 Nxd5 19.exd5 Ne5 20.f4 Nd7 21.f5 Rf8 22.Nf4 Bh6
23.Nd3 Qa5 24.Qe2 Bxe3 25.Qxe3 Qd8 26.Rce1 Nf6 27.fxg6+ fxg6 28.Qxe7+ Qxe7
29.Rxe7+ Kh6 30.Re6 Kg7 31.Nf4  1-0

[Event "58th ch-BUL w"]
[Site "Dupnitsa BUL"]
[Date "2009.02.18"]
[Round "7"]
[White "Bednikova,S"]
[Black "Chilingirova,P"]
[Result "0-1"]
[WhiteElo "2087"]
[BlackElo "2155"]

1.e4 c5 2.Nf3 d6 3.Bb5+ Nd7 4.c3 a6 5.Ba4 Nf6 6.Qe2 b5 7.Bc2 c4 8.b3 Nb6
9.bxc4 bxc4 10.Na3 Qc7 11.Rb1 e6 12.O-O Be7 13.Re1 Bb7 14.Qe3 Nfd7 15.Nd4 O-O
16.Qh3 g6 17.Qg3 Kh8 18.f4 e5 19.Nf3 exf4 20.Qxf4 Ne5 21.Kh1 Nbd7 22.Rb4 Rab8
23.Rb1 Bc6 24.Nd4 Rxb1 25.Nxb1 Nc5 26.Nxc6 Qxc6 27.Qe3 Ncd3 28.Rf1 Kg8 29.Na3 Rc8
30.Bb1 Rb8 31.Qd4 Bd8 32.Qa7 Ra8 33.Qe3 Bb6 34.Qe2 Qc5 35.Bxd3 Nxd3 36.Nc2 Nf2+
37.Kg1 Nxe4+ 38.Ne3 d5 39.Qf3 f5 40.g3 Re8 41.Kg2 Qd6 42.Nc2 Qe5 43.d4 cxd3
44.Qxd3 Nxc3 45.Re1 Ne4 46.Qxa6 Qc7 47.Re2 Rd8 48.Bb2 d4 49.Qd3 Qd6 50.Kf1 Bc5
51.Re1 Qd5 52.a3 Ng5 53.Ke2 Qg2+ 54.Kd1 Qf3+ 55.Qxf3 Nxf3 56.Rf1 Nxh2 57.Rf4 d3
58.Ne1 Ng4 59.Ng2 Nf2+ 60.Kd2 Ne4+ 61.Kd1 d2 62.Bf6 Nxf6  0-1

[Event "81st ch-StP"]
[Site "St Petersburg RUS"]
[Date "2009.02.19"]
[Round "3"]
[White "Shchukin,D"]
[Black "Khruschiov,A"]
[Result "1/2-1/2"]
[WhiteElo "2385"]
[BlackElo "2498"]

1.e4 c5 2.Nf3 d6 3.Bb5+ Nc6 4.c4 e5 5.Nc3 a6 6.Bxc6+ bxc6 7.d3 g6 8.O-O Bg7
9.Qa4 Bd7 10.b4 cxb4 11.Qxb4 c5 12.Qa3 Ne7 13.Rb1 O-O 14.Bg5 f6 15.Bd2 f5
16.Bg5 Bf6 17.Bxf6 Rxf6 18.Nd5 Nxd5 19.exd5 f4 20.Rb3 g5 21.Rfb1 g4 22.Nd2 Rh6
23.g3 fxg3 24.fxg3 Qg5 25.Rb8+ Rxb8 26.Rxb8+ Kg7 27.Nf1 Rf6 28.Qb2 Bf5 29.Qe2 Qc1
30.Rb7+ Rf7 31.Rxf7+ Kxf7 32.Kf2 Qc3 33.Ne3 Bxd3 34.Qe1 Qb2+ 35.Kg1 h5 36.Qf2+ Qxf2+
37.Kxf2 Kf6 38.Ke1 e4 39.Kd2 Ke5 40.Kc3 Bb1 41.a3 Ba2 42.Ng2 e3 43.Nxe3 Ke4
44.Ng2 Bb1 45.Kb2 Bd3 46.Kc3 Bf1 47.Nh4 a5 48.Ng6 Kf3 49.Nh4+ Kf2 50.Nf5 Kg1
51.Nxd6 Kxh2 52.Ne4 Bg2 53.d6 Bxe4 54.d7 h4 55.d8=Q h3 56.Qe7 Bf3 57.Qxc5 Kg2
58.Qe3 h2 59.Qd2+ Kxg3 60.Qd6+ Kh3 61.Qh6+ Kg2 62.Qd2+ Kg1 63.Qe1+ Kg2  1/2-1/2

[Event "58th ch-BUL w"]
[Site "Dupnitsa BUL"]
[Date "2009.02.20"]
[Round "9"]
[White "Genova,Ly"]
[Black "Nikolova,A"]
[Result "1/2-1/2"]
[WhiteElo "2231"]
[BlackElo "2310"]

1.e4 c5 2.Nf3 d6 3.Bb5+ Bd7 4.Bxd7+ Qxd7 5.O-O Nc6 6.c3 Nf6 7.Re1 e6 8.d4 cxd4
9.cxd4 d5 10.e5 Ne4 11.Nbd2 Nxd2 12.Bxd2 Be7 13.Rc1 O-O 14.a3 Rac8 15.Rc3 Rc7
16.Qc2 h6 17.Rc1 Rfc8 18.b4 Bd8 19.Qb3 Ne7 20.b5 Rxc3 21.Rxc3 Rxc3 22.Bxc3 Qc8
23.h3 Nf5 24.a4 g6 25.g4 Nh4 26.Nxh4 Bxh4 27.Bd2 Kg7 28.Qa3 Qc4 29.Bxh6+ Kxh6
30.Qf8+ Kg5 31.Qe7+ Kh6 32.Qxh4+ Kg7 33.Qf6+ Kg8 34.Qd8+ Kh7 35.Qh4+ Kg7
36.Qf6+  1/2-1/2

[Event "Masters"]
[Site "Bunratty IRL"]
[Date "2009.02.22"]
[Round "5"]
[White "McCabe,D"]
[Black "Osborne,S"]
[Result "1/2-1/2"]
[WhiteElo "2009"]
[BlackElo "2021"]

1.e4 c5 2.Nf3 d6 3.Bb5+ Nd7 4.O-O Nf6 5.d4 cxd4 6.Qxd4 e5 7.Qd3 a6 8.Bxd7+ Bxd7
9.Bg5 Rc8 10.Nc3 Be6 11.Bxf6 Qxf6 12.Nd5 Bxd5 13.Qxd5 Qe7 14.c4 Rc5 15.Qd3 Qc7
16.b3 Be7 17.Rfd1 O-O 18.Nd2 b5 19.a4 Rb8 20.h3 Bg5 21.Nf3 Be7 22.Nd2 Bg5
23.axb5 axb5 24.Nf3 Be7 25.Nd2 Bg5 26.Nf3  1/2-1/2

[Event "69th Noteboom Mem GpA"]
[Site "Leiden NED"]
[Date "2009.02.22"]
[Round "6"]
[White "De Graaf,D"]
[Black "Beeke,B"]
[Result "0-1"]
[WhiteElo "2064"]
[BlackElo "2181"]

1.e4 c5 2.Nf3 d6 3.Bb5+ Nd7 4.O-O a6 5.Bxd7+ Bxd7 6.d4 cxd4 7.Qxd4 e6 8.c4 Rc8
9.Bg5 Qc7 10.Nbd2 f6 11.Be3 Ne7 12.b3 Nc6 13.Qb2 Be7 14.Nd4 O-O 15.f4 Nxd4
16.Bxd4 b5 17.Rae1 Qb7 18.Rf3 e5 19.Bf2 bxc4 20.Rc3 Be6 21.f5 Bf7 22.Rec1 cxb3
23.axb3 d5 24.Bc5 Bxc5+ 25.Rxc5 Rxc5 26.Rxc5 dxe4 27.Qc3 h6 28.h3 Rd8 29.Kh2 Qd7
30.Nxe4 Qxf5 31.Ng3 Qf4 32.Rc8 Rxc8 33.Qxc8+ Kh7 34.Qxa6 h5 35.Qa4 g5 36.Qxf4 gxf4
37.Ne4 Bxb3 38.Nxf6+ Kg6 39.Nd7 Kf5 40.Nc5 Bd5 41.g3 e4 42.gxf4 Kxf4 43.Kg2 Ke3
44.Kg3 Kd2  0-1

[Event "2nd Pfalz Open"]
[Site "Neustadt an der Weinstrasse GER"]
[Date "2009.02.22"]
[Round "9"]
[White "Tiviakov,S"]
[Black "Kuzubov,Y"]
[Result "1/2-1/2"]
[WhiteElo "2684"]
[BlackElo "2626"]

1.e4 c5 2.Nf3 d6 3.Bb5+ Nc6 4.O-O Bd7 5.Re1 Nf6 6.c3 a6 7.Ba4 b5 8.Bc2 e5
9.h3 g6 10.d4 Bg7 11.dxc5 dxc5 12.a4 O-O 13.axb5 axb5 14.Rxa8 Qxa8 15.Qd6 Rc8
16.Nxe5 Nxe5 17.Qxe5 b4 18.Bg5 Ne8 19.Qd5 Bc6 20.Qd2 Qa2 21.cxb4 cxb4 22.Qxb4 Qxb2
23.Qxb2 Bxb2 24.Bb3 Nd6 25.Nd2 Re8 26.f3 Kg7 27.Bf4 Nb5 28.Nc4 Bd4+ 29.Be3 f5
30.exf5 gxf5 31.Kf1 Bxe3 32.Rxe3 Rxe3 33.Nxe3 Nd4 34.Bc4 f4 35.Ng4 h5 36.Ne5 Kf6
37.Nd3 Kg5 38.h4+ Kxh4 39.Nxf4 Nxf3  1/2-1/2

[Event "81st ch-StP"]
[Site "St Petersburg RUS"]
[Date "2009.02.23"]
[Round "7"]
[White "Kosov,Iv"]
[Black "Lovkov,R"]
[Result "1/2-1/2"]
[WhiteElo "2383"]
[BlackElo "2430"]

1.e4 c5 2.Nf3 d6 3.Bb5+ Bd7 4.Bxd7+ Qxd7 5.c4 Nc6 6.Nc3 g6 7.d4 cxd4 8.Nxd4 Bg7
9.Nde2 Nf6 10.O-O O-O 11.f3 a6 12.a4 Qc7 13.Be3 Qa5 14.Qc2 Rac8 15.b3 e6
16.Rfd1 Rfd8 17.Rac1 h6 18.Qd2 Kh7 19.Rb1 Rd7 20.Nd4 Ne7 21.Nd5 Qd8 22.Nxf6+ Bxf6
23.Ne2 Bg7 24.Bd4 Bxd4+ 25.Nxd4 Qb6 26.Kh1 Qc5 27.Rbc1 Qe5 28.f4 Qh5 29.Qf2 Rdc7
30.f5 exf5 31.exf5 gxf5 32.Rf1 d5 33.Rce1 dxc4 34.bxc4 Rd7 35.Nf3 Ng6 36.Ne5 Re7
37.g4 Qg5 38.Nxg6 Rxe1 39.Qxe1 Qxg6 40.Rxf5 Rxc4 41.h3 Qc6+ 42.Kh2 Rc2+ 43.Kg3 Qc3+
44.Qxc3 Rxc3+ 45.Kg2 Kg6 46.Rd5 Rb3 47.Rd6+ Kg7 48.a5 Rb5 49.Rd7 Rxa5 50.Rxb7 Ra3
51.Rb6 a5 52.Ra6 a4 53.Kh2 Ra1 54.Kg2 a3 55.h4 a2 56.g5 hxg5 57.hxg5 Kf8
58.Ra7 Ke8 59.Kh2 Kd8 60.Kg2 Kc8 61.Kh2 Kb8 62.Ra5 Kb7 63.Kg2 Kb6 64.Ra8 Kc5
65.Ra7 Kd5 66.Kh2 Ke6 67.Kg2 Kf5 68.Rxf7+ Kxg5 69.Ra7  1/2-1/2

[Event "Aeroflot Open"]
[Site "Moscow RUS"]
[Date "2009.02.24"]
[Round "8"]
[White "Kotsur,P"]
[Black "Petrosian,TL"]
[Result "1-0"]
[WhiteElo "2563"]
[BlackElo "2623"]

1.e4 c5 2.Nf3 d6 3.Bb5+ Nc6 4.O-O Bd7 5.c3 a6 6.Ba4 Nf6 7.Re1 c4 8.h3 e5
9.Bc2 Be7 10.d4 cxd3 11.Bxd3 h6 12.c4 Nh7 13.b3 Ng5 14.Nc3 Nxf3+ 15.Qxf3 Bg5
16.Bb2 Bd2 17.Red1 Nd4 18.Qg3 Bg5 19.Nd5 Ne6 20.Ba3 Bh4 21.Qe3 Bc6 22.Bb1 Bg5
23.Qe1 Nd4 24.Rxd4 exd4 25.e5 Bxd5 26.cxd5 O-O 27.Bxd6 Re8 28.Bd3 Qxd6 29.exd6 Rxe1+
30.Rxe1 g6 31.h4 Bf4 32.Re7 b5 33.Rd7 Kf8 34.g3 Be5 35.f4 Bf6 36.h5 gxh5
37.Rc7 Rd8 38.Rc6 b4 39.Bxa6 Bg7 40.Kg2 Kg8 41.Bd3 Bf8 42.Kf3 Bxd6 43.Ke4 Kf8
44.Be2 h4 45.gxh4 Ke7 46.f5 f6 47.Kxd4 Ra8 48.Rb6 Rc8 49.Ra6 Rc2 50.Ra7+ Rc7
51.Ra8 Rc2 52.Bb5 Bc5+ 53.Kd3 Rc3+ 54.Kd2 Kd6 55.Bc4 Be3+ 56.Ke2 Bf4 57.Re8 Kc5
58.Re6 Rc2+ 59.Kf3 Bd6 60.Rxf6 h5 61.Rh6 Rc3+ 62.Ke4 Rg3 63.Rxh5 Rg4+ 64.Ke3 Rg3+
65.Kf2 Rg4 66.Rh6 Rf4+ 67.Ke3 Rxf5 68.Rh8 Re5+ 69.Kd3 Kb6 70.h5 Bc5 71.Rc8 Re3+
72.Kd2 Bd4 73.d6  1-0

[Event "ch-EST w"]
[Site "Rakvere EST"]
[Date "2009.02.24"]
[Round "6"]
[White "Narva,T"]
[Black "Kyrge,K"]
[Result "1-0"]
[WhiteElo "1835"]
[BlackElo "1868"]

1.e4 c5 2.Nf3 d6 3.Bb5+ Bd7 4.Bxd7+ Qxd7 5.O-O Nc6 6.c3 Nf6 7.Re1 e5 8.d4 Be7
9.Na3 O-O 10.Bg5 Rad8 11.Nc4 b5 12.dxe5 Nxe4 13.Bxe7 Qxe7 14.exd6 Qe6 15.Ng5 Qf5
16.Nxe4 bxc4 17.b3 Ne5 18.bxc4 Nxc4 19.Qa4 Nxd6 20.Nxd6 Rxd6 21.Qxa7 Rd2
22.Rf1 Qd5 23.a4 h6 24.a5 Rd8 25.a6 Rd1 26.Raxd1 Qxd1 27.Qb7 Qd7 28.Qb6 Ra8
29.Ra1 Qa7 30.Qc6 Rb8 31.h3 Rb2 32.c4 Rb4 33.Ra5 Qb8 34.g3 Rb1+ 35.Kg2 Rb6
36.a7  1-0

[Event "81st ch-StP"]
[Site "St Petersburg RUS"]
[Date "2009.02.24"]
[Round "8"]
[White "Kosov,Iv"]
[Black "Levin,Ev"]
[Result "1/2-1/2"]
[WhiteElo "2383"]
[BlackElo "2484"]

1.e4 c5 2.Nf3 d6 3.Bb5+ Bd7 4.Bxd7+ Qxd7 5.c4 Nf6 6.Nc3 g6 7.d4 cxd4 8.Nxd4 Bg7
9.O-O O-O 10.f3 Rc8 11.b3 d5 12.exd5 Nxd5 13.Nxd5 e6 14.Bh6 exd5 15.Bxg7 Kxg7
16.Nb5 dxc4 17.Nd6 Rd8 18.Nxb7 Qxd1 19.Rfxd1 Rxd1+ 20.Rxd1 cxb3 21.axb3 Nc6
22.Rd7 Re8  1/2-1/2

[Event "25th Open"]
[Site "Cappelle la Grande FRA"]
[Date "2009.02.28"]
[Round "1"]
[White "Sanduleac,V"]
[Black "Borovikov,V"]
[Result "1/2-1/2"]
[WhiteElo "2432"]
[BlackElo "2582"]

1.e4 c5 2.Nf3 d6 3.Bb5+ Bd7 4.Bxd7+ Qxd7 5.O-O Nf6 6.Qe2 Nc6 7.c3 e6 8.d4 cxd4
9.cxd4 d5 10.e5 Ne4 11.Nbd2 Nxd2 12.Bxd2 Be7 13.Rac1 O-O 14.Rc3 f5 15.exf6 Rxf6
16.Re1 Raf8 17.Re3 Bd6 18.Bc3  1/2-1/2

[Event "25th Open"]
[Site "Cappelle la Grande FRA"]
[Date "2009.02.28"]
[Round "1"]
[White "Gharamian,T"]
[Black "Zdebskaja,N"]
[Result "1-0"]
[WhiteElo "2581"]
[BlackElo "2428"]

1.e4 c5 2.Nf3 d6 3.Bb5+ Nd7 4.d4 cxd4 5.Qxd4 a6 6.Bxd7+ Bxd7 7.O-O Rc8 8.Nc3 e5
9.Qd3 h6 10.a4 Qc7 11.Rd1 Nf6 12.Nd2 Be7 13.Nf1 O-O 14.Ne3 Be6 15.Bd2 Bc4
16.Nxc4 Qxc4 17.Be3 b5 18.axb5 axb5 19.Nxb5 Qxc2 20.Ra7 Rfe8 21.f3 Qxd3 22.Rxd3 Rb8
23.Nc7 Rec8 24.b3 Bf8 25.Kf1 Nd7 26.Nd5 Nc5 27.Bxc5 dxc5 28.Ne3 Rb4 29.Nc4 f6
30.Ke2 Rcb8 31.Ra3 R4b5 32.Kd2 Rb4 33.Kc3 R4b5 34.g4 Kf7 35.h4 Kg6 36.h5+ Kh7
37.Rd7 Kg8 38.Kc2 Rb4 39.Kc3 R4b5 40.Kc2 Rb4 41.Rd3 R4b5 42.Ra7 Rb4 43.Rad7 R4b5
44.Rd8 Kf7 45.R3d7+ Kg8 46.Rxb8 Rxb8 47.Ne3 Ra8 48.Kb2 Rb8 49.Kc3 Ra8 50.Nf5 Rb8
51.Nh4 Ra8 52.Ng6 Rb8 53.Kc2 Ra8 54.Kd3 Rb8 55.Kc3 Rc8 56.Kc4 Rb8 57.Rc7 Rb4+
58.Kd5 Rb8 59.Kc6 Rd8 60.Kb7 Rd3 61.Rc8 Rxb3+ 62.Kc6  1-0

[Event "Bundesliga 2008-9"]
[Site "Hamburg GER"]
[Date "2009.02.28"]
[Round "12"]
[White "Lupulescu,C"]
[Black "Polzin,R"]
[Result "1-0"]
[WhiteElo "2594"]
[BlackElo "2500"]

1.e4 c5 2.Nf3 d6 3.Bb5+ Bd7 4.Bxd7+ Qxd7 5.c4 Nc6 6.d4 cxd4 7.Nxd4 g6 8.Nc3 Bg7
9.Nde2 Nf6 10.f3 O-O 11.O-O Rfc8 12.b3 Qd8 13.Kh1 a6 14.a4 Nd7 15.Rb1 Rab8
16.Bg5 Qf8 17.Qd2 Nc5 18.Be3 Na5 19.Qa2 Nc6 20.Rfd1 a5 21.Qd2 Rd8 22.Nb5 f5
23.exf5 Qxf5 24.Nbd4 Nxd4 25.Bxd4 Ra8 26.Bxg7 Kxg7 27.Nd4 Qf6 28.Nb5 Rd7
29.Re1 b6 30.Qd5 Rc8 31.Nd4 e5 32.Nb5 Qf7 33.Red1 Qxd5 34.Rxd5 Rc6 35.Kg1 Kf7
36.Kf2 Ke7 37.Ke3 Rc8 38.Kd2 Rf8 39.Kc3 Ne6 40.Rbd1 Nf4 41.R5d2 Rfd8 42.Kb2 Nh5
43.Re1 g5 44.b4 axb4 45.Kb3 Nf6 46.Kxb4 Kf7 47.Rd3 h5 48.g3 g4 49.Rf1 Kg6
50.f4 exf4 51.Rxf4 d5 52.Re3 dxc4 53.Re6 Rf8 54.Nd6 c3 55.Kxc3 Rc7+ 56.Kb4 Rc6
57.Kb5 Rc5+ 58.Kxb6 Rc2 59.Ne4 Rb2+ 60.Kc7 Rb4 61.Nxf6 Rxf4 62.Nd5+  1-0

[Event "TCh-HUN 2008-9"]
[Site "Budapest HUN"]
[Date "2009.03.01"]
[Round "9"]
[White "Fusthy,Z"]
[Black "Antal,S jr"]
[Result "1-0"]
[WhiteElo "2323"]
[BlackElo "2224"]

1.e4 c5 2.Nf3 d6 3.Bb5+ Nc6 4.O-O a6 5.Bxc6+ bxc6 6.c3 e6 7.d4 d5 8.e5 Qb6
9.dxc5 Bxc5 10.b4 Bf8 11.Be3 Qc7 12.Nbd2 a5 13.a3 a4 14.c4 Ne7 15.Rc1 Ng6
16.cxd5 exd5 17.Nd4 Qxe5 18.Re1 Be6 19.Rxc6 Be7 20.Nxe6 fxe6 21.Bc5 Qf5 22.Bxe7 Nxe7
23.Rcxe6 Ra7 24.Nf3 Kf7 25.R6e5 Qf4 26.Nd4  1-0

[Event "25th Open"]
[Site "Cappelle la Grande FRA"]
[Date "2009.03.01"]
[Round "2"]
[White "Vokarev,S"]
[Black "Gelashvili,T"]
[Result "1/2-1/2"]
[WhiteElo "2521"]
[BlackElo "2622"]

1.e4 c5 2.Nf3 d6 3.Bb5+ Bd7 4.Bxd7+ Qxd7 5.c4 Nc6 6.d4 cxd4 7.Nxd4 Nf6 8.Nc3 g6
9.f3 Bg7 10.Be3 O-O 11.O-O a6 12.a4 e6 13.Rc1 Na5 14.b3 Qc7 15.Nde2 Nd7 16.Rb1 Rfc8
17.Bf2 Rab8 18.Ba7 Ra8 19.Bf2 b6 20.Qc2 Rab8 21.Qa2 Nc6 22.Rfd1 Nc5 23.b4 Nb7
24.b5 axb5 25.Nxb5 Qd8 26.Bg3 Ne5 27.Rbc1 g5 28.Be1 Ra8 29.Ng3 Bf8 30.Rc3 Na5
31.Rdc1 Nb7 32.Rd1 Qf6 33.Bf2 Nc5 34.Ra3 Qg6 35.Nf1 g4 36.f4 Nc6 37.Bxc5 dxc5
38.Qe2 Rd8 39.Ng3 Nd4 40.Nxd4 cxd4 41.Ra2 Bd6 42.f5 Qg5 43.Qd3 Qe3+ 44.Qxe3 dxe3
45.Kf1 Bc5 46.Rxd8+ Rxd8 47.Ke2 Rd4 48.fxe6 fxe6 49.Kxe3 Rxc4+ 50.Kf4 Bd6+  1/2-1/2

[Event "25th Open"]
[Site "Cappelle la Grande FRA"]
[Date "2009.03.01"]
[Round "2"]
[White "Dzhumaev,M"]
[Black "Grimberg,B"]
[Result "1-0"]
[WhiteElo "2529"]
[BlackElo "2362"]

1.e4 c5 2.Nf3 d6 3.Bb5+ Bd7 4.Bxd7+ Qxd7 5.O-O Nf6 6.e5 dxe5 7.Nxe5 Qc8 8.Qf3 Nbd7
9.Nc4 e6 10.Nc3 Be7 11.d3 O-O 12.Bf4 Nb6 13.Nd6 Bxd6 14.Bxd6 Re8 15.Rad1 Nbd5
16.Ne4 b6 17.Be5 Nxe4 18.dxe4 Ne7 19.Bc3 Nc6 20.Qg3 Nd4 21.Rxd4 cxd4 22.Bxd4 e5
23.Bxe5 g6 24.Qf4 Qc6 25.Re1 Re6 26.Bc3 Rae8 27.f3 Rd8 28.h4 Qc5+ 29.Kh1 Qf2
30.Kh2 f6 31.e5  1-0

[Event "Bundesliga 2008-9"]
[Site "Solingen GER"]
[Date "2009.03.01"]
[Round "13"]
[White "Rybenko,K"]
[Black "Hoffmann,Micha1"]
[Result "0-1"]
[WhiteElo "2243"]
[BlackElo "2469"]

1.e4 c5 2.Nf3 d6 3.Bb5+ Nd7 4.O-O a6 5.Bxd7+ Bxd7 6.d3 g6 7.c3 Nf6 8.h3 Bg7
9.Bg5 O-O 10.Qd2 Bc6 11.Na3 b5 12.Nc2 c4 13.Nb4 Bb7 14.Bxf6 Bxf6 15.Nd5 Bxd5
16.exd5 Qb6 17.Qh6 Qc5 18.dxc4 bxc4 19.Ng5 Bxg5 20.Qxg5 e5 21.Qf6 Rab8 22.b4 cxb3
23.axb3 a5 24.b4 axb4 25.cxb4 Rxb4 26.Ra6 Qxd5 27.Rxd6 Qc5 28.Qe7 Rc4 29.Rfd1 Rc1
30.Qf6 Re8 31.g4 Rxd1+ 32.Rxd1 Qe7 33.g5 Qxf6 34.gxf6 h6 35.Kg2 Re6 36.Rd5 g5
37.h4 Kh7 38.h5 Rxf6 39.Rxe5 Rf4 40.Kg3 Kg7  0-1

[Event "25th Open"]
[Site "Cappelle la Grande FRA"]
[Date "2009.03.03"]
[Round "5"]
[White "Ulibin,M"]
[Black "Dragun,K"]
[Result "1-0"]
[WhiteElo "2511"]
[BlackElo "2178"]

1.e4 c5 2.Nf3 d6 3.Bb5+ Bd7 4.Bxd7+ Qxd7 5.O-O Nf6 6.Qe2 e6 7.c3 Nc6 8.d4 cxd4
9.cxd4 d5 10.e5 Ne4 11.Be3 Be7 12.Ne1 f6 13.f3 Ng5 14.Nd3 fxe5 15.dxe5 Nf7
16.Bf2 O-O 17.Nd2 Rac8 18.f4 Nb4 19.Nxb4 Bxb4 20.Nb3 b6 21.f5 Nd8 22.f6 g6
23.Rac1 Nf7 24.a3 Ba5 25.Nd4 b5 26.Nxb5 Rxc1 27.Rxc1 Rc8 28.Rd1 Rb8 29.Nd4 Qc7
30.Nxe6 Qxe5 31.Qxe5 Nxe5 32.Bg3 Re8 33.Ng7 Bb6+ 34.Kh1 Rc8 35.Bxe5 Kf7 36.g4 d4
37.g5 Rc6 38.b4 Rc4 39.Kg2 d3 40.Kf3  1-0

[Event "10th EICC"]
[Site "Budva MNE"]
[Date "2009.03.06"]
[Round "1"]
[White "Sedlak,N"]
[Black "Sidorenko,I"]
[Result "1-0"]
[WhiteElo "2592"]
[BlackElo "2370"]

1.e4 c5 2.Nf3 d6 3.Bb5+ Bd7 4.Bxd7+ Qxd7 5.c4 Nf6 6.Nc3 g6 7.d4 cxd4 8.Nxd4 Bg7
9.h3 O-O 10.Be3 Nc6 11.O-O Rac8 12.b3 a6 13.a4 Qd8 14.Qd2 Qa5 15.Nde2 Rfd8
16.Rab1 e6 17.Rfd1 Qb4 18.Bh6 Bxh6 19.Qxh6 Qc5 20.Rd2 Rd7 21.Qh4 Kg7 22.Rbd1 Qb4
23.Rd3 Ne5 24.Rg3 Qxb3 25.f4 Nxe4 26.Nd4 Qb6 27.Nxe4 Rxc4 28.Rb3 Qa7 29.Qf2 Nc6
30.Rbd3 d5 31.Ng5 h6 32.Ngf3 Rxa4 33.Kh1 Nxd4 34.Nxd4 b5 35.Qb2 Kh7 36.f5 exf5
37.Nxf5 gxf5 38.Rg3 d4 39.Qc2 Rd6 40.Qxf5+ Rg6 41.Re1 Rc4 42.Re6 Rc1+ 43.Kh2  1-0

[Event "TCh-AUT 2nd Bundesliga West 2008-9"]
[Site "Austria AUT"]
[Date "2009.03.08"]
[Round "11"]
[White "Sandholzer,R"]
[Black "Azad,R"]
[Result "1-0"]
[WhiteElo "2107"]
[BlackElo "2061"]

1.e4 c5 2.Nf3 d6 3.Bb5+ Bd7 4.Bxd7+ Qxd7 5.c4 Nc6 6.O-O Ne5 7.d3 Nf6 8.Nc3 e6
9.a3 Be7 10.b4 b6 11.Bb2 O-O 12.Qe2 Rfd8 13.b5 Qc7 14.Nd2 Rd7 15.f4 Ng6 16.Nb3 Rad8
17.a4 Kh8 18.a5 Ng8 19.axb6 axb6 20.g3 Bf6 21.Ra6 N8e7 22.h4 Bxc3 23.Bxc3 d5
24.h5 dxc4 25.dxc4 Rd3 26.Rf3 Rd1+ 27.Kg2 Nf8 28.h6 f6 29.Nd2 Rc1 30.Rd3 Kg8
31.hxg7 Kxg7 32.Nf3 Nfg6 33.Rxd8 Qxd8 34.Bxf6+ Kxf6 35.Qb2+ e5 36.fxe5+ Nxe5
37.Qxe5+ Kf7 38.Qf4+ Kg7 39.Qxc1 Qd3 40.Qg5+ Ng6 41.Ra7+ Kg8 42.Qd5+  1-0

[Event "FSGM March"]
[Site "Budapest HUN"]
[Date "2009.03.08"]
[Round "2"]
[White "Kosic,D"]
[Black "Nguyen Huynh Minh Huy"]
[Result "1/2-1/2"]
[WhiteElo "2521"]
[BlackElo "2465"]

1.e4 c5 2.Nf3 d6 3.Bb5+ Nc6 4.O-O Bd7 5.Re1 Nf6 6.c3 a6 7.Ba4 b5 8.Bc2 Bg4
9.h3 Bxf3 10.Qxf3 g6 11.d3 Bg7 12.Nd2 O-O 13.Qd1 Nd7 14.Nf3 Rc8 15.d4 b4
16.Be3 bxc3 17.bxc3 Nb6 18.Bb3  1/2-1/2

[Event "10th EICC"]
[Site "Budva MNE"]
[Date "2009.03.08"]
[Round "3"]
[White "Erturan,Y"]
[Black "Dobrov,V"]
[Result "0-1"]
[WhiteElo "2372"]
[BlackElo "2510"]

1.e4 c5 2.Nf3 d6 3.Bb5+ Nc6 4.O-O Bd7 5.Re1 Nf6 6.h3 a6 7.Bf1 g5 8.Nxg5 Rg8
9.d4 cxd4 10.Kh1 Qa5 11.a3 h6 12.b4 Nxb4 13.Nf3 Nc6 14.Bb2 Qh5 15.Nbd2 Bg7
16.Qb1 Bh8 17.a4 Ng4 18.Re2 Nge5 19.Nxe5 Nxe5 20.Ra3 d3 21.Re3 Ng4 22.Rf3 Nxf2+
23.Rxf2 Qc5 24.Rf3 dxc2 25.Qa2 Be6 26.Bc4 Bxc4 27.Nxc4 Rc8 28.Nxd6+ Qxd6
29.Qxf7+ Kd7 30.Rad3 c1=Q+ 31.Bxc1 Rxc1+ 32.Rf1 Rxf1+ 33.Qxf1 Bd4 34.e5 Qd5
35.Qe2 Kc7 36.Qd2 Rd8 37.Qxh6 Qxe5 38.Rd1 Be3  0-1

[Event "10th EICC"]
[Site "Budva MNE"]
[Date "2009.03.08"]
[Round "3"]
[White "Predojevic,B"]
[Black "Sjugirov,S"]
[Result "1/2-1/2"]
[WhiteElo "2650"]
[BlackElo "2562"]

1.e4 c5 2.Nf3 d6 3.Bb5+ Nc6 4.O-O Bd7 5.Re1 Nf6 6.c3 a6 7.Ba4 b5 8.Bc2 Bg4
9.d3 e6 10.Nbd2 Be7 11.h3 Bh5 12.Nf1 d5 13.Ng3 Bg6 14.Nh4 dxe4 15.dxe4 Nd7
16.Nxg6 hxg6 17.Be3 g5 18.Qe2 Nde5 19.Nf1 Qc7 20.Rad1 Ng6 21.a4 c4 22.Nh2 Nce5
23.Nf3 Nf4 24.Bxf4 gxf4 25.Rd2 O-O 26.Red1 Rfd8 27.Rxd8+ Rxd8 28.Rxd8+ Bxd8
29.axb5 axb5 30.Nxe5 Qxe5 31.Kf1 Bf6 32.Bd1 g6 33.Qc2 Qc5 34.Qd2 Be5 35.h4 Bc7
36.Bf3 Kg7 37.Kg1 Kf8 38.Qe2 Ke7 39.h5 gxh5 40.Bxh5 b4 41.cxb4 Qxb4 42.e5 Qb5
43.Qe4 Qxb2 44.Qxc4 Qa1+ 45.Kh2 Qxe5 46.Qb4+ Kf6 47.Bf3 Kg7 48.Qc4 Bb6 49.g3 fxg3+
50.fxg3 Bc7 51.Qg4+ Kf8 52.Qb4+ Bd6 53.Qh4 Qc5 54.Qh8+ Ke7 55.Qh4+ Kd7 56.Kh3 Qe5
57.Qa4+ Ke7 58.Qh4+ Kf8 59.Qd8+ Kg7 60.Qh4 Qe3 61.Kg2 Qd2+ 62.Kh3 Be5 63.Qe4 Qd6
64.Bh5 Bf6 65.Bf3 Qc5 66.Kg2 Be7 67.Qg4+ Kf8 68.Qh5 Qd4 69.Qh6+ Kg8 70.Qf4 Qb2+
71.Kh3 Bf6 72.Qg4+ Kf8 73.Qf4 Qc3 74.Qd6+ Kg7 75.Qf4 Qc5 76.Qg4+ Bg5 77.Qe4 Qd6
78.Qg4 Qe5 79.Qe4 Qf6 80.Kg2 Qe7 81.Qd4+ Kg8 82.Qe4 Qd6 83.Qe2 Kf8 84.Qd1 Qc5
85.Qb3 Bd8 86.Qb8 Ke7 87.Qf4 Ke8 88.Qe4 Kf8 89.Qh7 Bf6 90.Qh6+ Ke7 91.Qd2 Bg5
92.Qb2 Bf6 93.Qb7+ Kf8 94.Qa8+ Kg7 95.Qe4 Bg5 96.Qc6 Qe3 97.Qe4 Qd2+ 98.Qe2 Qd6
99.Qb2+ f6 100.Qb7+ Kh6 101.Qc8 Kg7 102.Qb7+ Kf8 103.Qc8+ Kg7 104.Qb7+ Kf8  1/2-1/2

[Event "10th EICC w"]
[Site "St Petersburg RUS"]
[Date "2009.03.09"]
[Round "2"]
[White "Cherenkova,K"]
[Black "Bodnaruk,A"]
[Result "1/2-1/2"]
[WhiteElo "2270"]
[BlackElo "2384"]

1.e4 c5 2.Nf3 d6 3.Bb5+ Bd7 4.Bxd7+ Qxd7 5.O-O Nf6 6.Re1 Nc6 7.b3 e5 8.c3 g6
9.d4 Bg7 10.dxe5 dxe5 11.Nbd2 Rd8 12.Ba3 b6 13.Qe2 O-O 14.Nc4 Qc7 15.Rad1 b5
16.Ncd2 Qb6 17.Qe3 Nd7 18.Nf1 b4 19.cxb4 cxb4 20.Bb2 Qa5 21.Ra1 Nc5 22.Rec1 Nd4
23.Rc4 Nxf3+ 24.Qxf3 f5 25.Ng3 Rd2 26.exf5 Nd3 27.Qe3 Rxb2 28.Qxd3 gxf5 29.Nh5 Qb6
30.Qg3 Qg6 31.Nxg7 Qxg3 32.hxg3 Kxg7 33.Rxb4 Rd8 34.Rb7+ Kg6 35.Rc1 Rd6 36.Rxa7 e4
37.Rcc7 h6 38.Rg7+ Kf6 39.Rgf7+ Kg6 40.Rg7+ Kf6 41.Rh7 Kg6 42.Rag7+ Kh5 43.Rd7 Rxd7
44.Rxd7 Rxa2 45.Kf1 Rb2 46.Rb7 Kg5 47.Rb6 Ra2 48.b4 Ra1+ 49.Ke2 Ra2+ 50.Ke3 Ra3+
51.Kd2 Ra2+ 52.Ke3 Ra3+ 53.Kd4 Ra2 54.f4+ Kg4 55.Rg6+ Kh5 56.Rf6 Kg4 57.Rg6+ Kh5
58.Rf6 Kg4 59.Rg6+  1/2-1/2

[Event "10th EICC w"]
[Site "St Petersburg RUS"]
[Date "2009.03.09"]
[Round "2"]
[White "Berzina,I"]
[Black "Zizlova,S"]
[Result "1-0"]
[WhiteElo "2308"]
[BlackElo "2020"]

1.e4 c5 2.Nf3 d6 3.Bb5+ Bd7 4.Bxd7+ Qxd7 5.c4 Nc6 6.d4 cxd4 7.Nxd4 Nf6 8.Nc3 g6
9.h3 Nxd4 10.Qxd4 Bg7 11.O-O O-O 12.Qd3 Rac8 13.Bd2 Qc6 14.b3 a6 15.Rac1 Rfe8
16.Rfe1 Nd7 17.Bg5 h6 18.Bd2 Qc5 19.Nd5 a5 20.Be3 Qc6 21.Qd2 Nc5 22.Bd4 b6
23.Bxg7 Kxg7 24.Rcd1 Nd7 25.f4 Qc5+ 26.Kh1 Rcd8 27.Rf1 b5 28.cxb5 e6 29.Rc1 Qxb5
30.Nc7 Qb6 31.Nxe8+ Rxe8 32.Rfd1 Nf6 33.Qxd6 Qxd6 34.Rxd6 Nxe4 35.Ra6 e5
36.fxe5 Rxe5 37.Kh2 h5 38.h4 g5 39.hxg5 Nxg5 40.Rc4 Re2 41.Rxa5 Nf3+ 42.Kh3 Ne5
43.Rc3 Kg6 44.b4 Ng4 45.Rf3 Ne5 46.Rg3+ Kf6 47.a3 Re1 48.Kh4 Rh1+ 49.Rh3 Rg1
50.Kg3 Nc4 51.Raxh5 Nxa3 52.Kh2 Ra1 53.Ra5  1-0

[Event "FSIMB March"]
[Site "Budapest HUN"]
[Date "2009.03.10"]
[Round "4"]
[White "Farago,S"]
[Black "Szalanczy,E"]
[Result "0-1"]
[WhiteElo "2263"]
[BlackElo "2336"]

1.e4 c5 2.Nf3 d6 3.Bb5+ Nd7 4.O-O Nf6 5.Re1 a6 6.Bf1 g6 7.c3 Bg7 8.d4 cxd4
9.cxd4 O-O 10.Nc3 b5 11.h3 b4 12.Na4 d5 13.exd5 Nxd5 14.Bg5 Bb7 15.Rc1 h6
16.Bh4 Qa5 17.Nc5 Nxc5 18.Rxc5 Qb6 19.Ne5 Rad8 20.Qa4 g5 21.Bg3 e6 22.Nd7 Rxd7
23.Qxd7 Bxd4 24.Rc2 Nf6 25.Qd6 Ne4 26.Qxb6 Bxb6 27.Bc7 Rc8 28.Rec1 Rxc7 29.Rxc7 Bxf2+
30.Kh2 Bd5 31.Rc8+ Kg7 32.Bxa6 Bg3+ 33.Kh1 Bxa2 34.Bc4 b3 35.Rf1 Be5 36.Rf3 Nd6
37.Rc7 Nxc4 38.Rxc4 Bxb2 39.Rf1 h5  0-1

[Event "10th EICC"]
[Site "Budva MNE"]
[Date "2009.03.10"]
[Round "5"]
[White "Chudinovskikh,A"]
[Black "Lajthajm,B"]
[Result "1-0"]
[WhiteElo "2379"]
[BlackElo "2502"]

1.e4 c5 2.Nf3 d6 3.Bb5+ Nd7 4.c3 a6 5.Ba4 Nf6 6.Bc2 g6 7.O-O Bg7 8.d4 Qc7
9.Re1 O-O 10.h3 e5 11.Nbd2 b5 12.Nf1 exd4 13.cxd4 cxd4 14.Nxd4 Bb7 15.Bf4 Nh5
16.Be3 d5 17.exd5 Nhf6 18.Rc1 Qd6 19.Nc6 Rac8 20.Bb3 Ne4 21.Qc2 f5 22.f3 f4
23.Ba7 Ng3  1-0

[Event "10th EICC"]
[Site "Budva MNE"]
[Date "2009.03.11"]
[Round "6"]
[White "Kobalia,M"]
[Black "Naiditsch,A"]
[Result "1/2-1/2"]
[WhiteElo "2634"]
[BlackElo "2693"]

1.e4 c5 2.Nf3 d6 3.Bb5+ Bd7 4.Bxd7+ Qxd7 5.c4 Nf6 6.Nc3 g6 7.d4 cxd4 8.Nxd4 Bg7
9.h3 O-O 10.O-O Rc8 11.b3 d5 12.exd5 Nxd5 13.Nxd5 e6 14.Bh6  1/2-1/2